Ilu ludzi zginęło w KL Auschwitz : liczba ofiar w świetle źródeł i badań 1945-1990 /
Saved in:
| 主要作者: | |
|---|---|
| 企業作者: | |
| 格式: | 圖書 |
| 語言: | 波兰语 |
| 出版: |
Oświęcim :
Wydaw. Państ. Muzeum,
1992
|
| 主題: | |
| 標簽: |
沒有標簽, 成為第一個標記此記錄!
|
MARC
| LEADER | 00000nam a2200000 i 4500 | ||
|---|---|---|---|
| 001 | 9914960799305606 | ||
| 005 | 20260515140225.0 | ||
| 008 | 970513s1992 pl a 001 0 pol | ||
| 020 | |a 8385047018 | ||
| 035 | |a 7171307-48omnis_network | ||
| 035 | |a b10385897 | ||
| 035 | |a zz2004950593 | ||
| 035 | |a (OCoLC)830057718 | ||
| 035 | |a (PL-WaBN)b10385897-48omnis_nlop | ||
| 035 | |a (EXLNZ-48OMNIS_NETWORK)9910334288705606 | ||
| 035 | |a 991001329549705066 | ||
| 035 | |a (PL)b0001480564626 | ||
| 040 | |a POZN U |c POZN U | ||
| 080 | |a 940.531.8 | ||
| 090 | |c 38 |d 37 | ||
| 100 | 1 | |a Piper, Franciszek |d (1941- ) | |
| 245 | 1 | 0 | |a Ilu ludzi zginęło w KL Auschwitz : |b liczba ofiar w świetle źródeł i badań 1945-1990 / |c Franciszek Piper. |
| 260 | |a Oświęcim : |b Wydaw. Państ. Muzeum, |c 1992 |e (Ciesz. : |f CDW). | ||
| 300 | |a 221, [2] s., [1] k. tabl. : |b faks., fot., portr. ; |c 21 cm. | ||
| 504 | |a Bibliogr. s. 125-131. - Indeksy. | ||
| 610 | 2 | 7 | |a Auschwitz-Birkenau (niemiecki obóz koncentracyjny) |
| 610 | 2 | 0 | |a Auschwitz (Concentration camp) |
| 650 | 0 | |a World War, 1939-1945 |x Atrocities |z Poland |z Oświęcim. | |
| 710 | 2 | |a Wydawnictwo Państwowego Muzeum Auschwitz-Birkenau | |
| 920 | |a 83-85047-01-8 | ||
| 942 | |c K | ||
| 952 | |0 0 |1 0 |4 0 |6 R__18_000000000000000 |7 0 |9 36 |a RYT |b RYT |d 2026-03-17 |e 1/2026 |g 10.00 |l 0 |o R.18 |p 2000000000183 |r 2026-05-15 14:02:25 |w 2026-05-15 |y BK |z da | ||
| 999 | |c 36 |d 36 | ||